Central Library OPAC University of Rajshahi

Three Muslim sages : (Record no. 32711)

MARC details
000 -LEADER
fixed length control field 01035nam a2200289 a 4500
001 - CONTROL NUMBER
control field 32711
003 - CONTROL NUMBER IDENTIFIER
rucl marc code BD-RjUL
005 - DATE AND TIME OF LATEST TRANSACTION
control field 20211209051901.0
008 - FIXED-LENGTH DATA ELEMENTS--GENERAL INFORMATION
fixed length control field 190108r19691964mau 001 0 eng d
035 ## - SYSTEM CONTROL NUMBER
System control number (BD-RjUL)32801
040 ## - CATALOGING SOURCE
Original cataloging agency DLC
Transcribing agency ODaWU
Modifying agency Uk
-- DLC
-- BD-RjUL
Language of cataloging eng
041 ## - LANGUAGE CODE
Language code of text/sound track or separate title eng
082 04 - DEWEY DECIMAL CLASSIFICATION NUMBER
Classification number 297.6
Author mark and year NAT 1964-1969
Edition number 23
100 1# - MAIN ENTRY--PERSONAL NAME
Personal name Nasr, Seyyed Hossein
9 (RLIN) 52701
245 10 - TITLE STATEMENT
Title Three Muslim sages :
Remainder of title Avicenna - Suhrawardī - Ibn ʻArabī /
Statement of responsibility, etc. Seyyed Hossein Nasr
260 ## - PUBLICATION, DISTRIBUTION, ETC. (IMPRINT)
Place of publication, distribution, etc. Cambridge, Massachusetts :
Name of publisher, distributor, etc. Harvard University Press,
Date of publication, distribution, etc. c1964 [Printing 1969]
300 ## - PHYSICAL DESCRIPTION
Pagination 185 p. ;
Size 24 cm.
504 ## - BIBLIOGRAPHY, ETC. NOTE
Bibliography, etc Includes bibliography and index.
600 00 - SUBJECT ADDED ENTRY--PERSONAL NAME
Personal name Avicenna,
Dates associated with a name 980-1037.
Personal name Suhrawardī, Yaḥyá ibn Ḥabash,
Dates associated with a name 1152 or 1153-1191.
Personal name Ibn al-ʻArabī,
Dates associated with a name 1165-1240.
650 #0 - SUBJECT ADDED ENTRY--TOPICAL TERM
Topical term or geographic name as entry element Muslim scholars
Form subdivision Biography.
9 (RLIN) 52705
830 ## - SERIES ADDED ENTRY--UNIFORM TITLE
Uniform title Harvard studies in world religions
942 ## - ADDED ENTRY ELEMENTS (KOHA)
Source of classification or shelving scheme Dewey Decimal Classification
Koha item type Books
Holdings
Lost status Source of classification or shelving scheme Damaged status Not for loan Collection code Permanent Location Current Location Shelving location Date acquired Source of acquisition Cost, normal purchase price Total Checkouts Full call number Date last seen Copy number Koha item type Date checked out
  Dewey Decimal Classification     Non-fiction Central Library, University of Rajshahi Central Library, University of Rajshahi   18/04/1968 Feroz sons 20.80   297.6 NAT 1964 28/04/2014 C-4 Books  
  Dewey Decimal Classification     Non-fiction Central Library, University of Rajshahi Central Library, University of Rajshahi   27/11/1967 sweets & zetlinger 32.00 1 297.6 NAT 1964 02/11/2015 C-2 Books 29/10/2015
  Dewey Decimal Classification     Non-fiction Central Library, University of Rajshahi Central Library, University of Rajshahi   18/04/1968 Feroz sons 20.80   297.6 NAT 1964 30/04/2014 C-3 Books  
  Dewey Decimal Classification     Non-fiction Central Library, University of Rajshahi Central Library, University of Rajshahi   26/07/1971 Zeitlinger 42.60   297.6 NAT 1969 08/01/2019 C-5 Books  
  Dewey Decimal Classification   Not For Loan Rare Books Central Library, University of Rajshahi Central Library, University of Rajshahi Rare Book Section 27/11/1967 sweets & zetlinger 32.00   RA 297.6 NAT 1964 08/01/2019 C-1 Rare Books